Loading...
| History - Other | 0 | 7 | 1 | 0 | 65 | 32 | 55.71 | 3 | 7 | 0.00 | 0.00 |
| Religion | 0 | 6 | 1 | 1 | 55 | 51 | 87.00 | 2 | 4 | 0.00 | 0.00 |
| History - European | 0 | 5 | 1 | 0 | 45 | 20 | 63.00 | 2 | 5 | 0.00 | 0.00 |
| Mythology | 0 | 5 | 2 | 2 | 40 | 64 | 102.20 | 1 | 4 | 0.00 | 0.00 |
| History - World | 0 | 4 | 1 | 1 | 35 | 58 | 84.00 | 0 | 2 | 0.00 | 0.00 |
| Literature - European | 0 | 3 | 0 | 1 | 30 | 107 | 123.00 | 0 | 1 | 0.00 | 0.00 |
| History - American | 0 | 3 | 1 | 0 | 25 | 60 | 100.00 | 2 | 2 | 0.00 | 0.00 |
| Fine Arts - Classical Music | 0 | 3 | 1 | 0 | 25 | 74 | 87.00 | 1 | 2 | 0.00 | 0.00 |
| Geography | 0 | 2 | 0 | 1 | 20 | 59 | 97.00 | 1 | 2 | 0.00 | 0.00 |
| Science - Biology | 0 | 2 | 0 | 0 | 20 | 72 | 73.50 | 0 | 1 | 0.00 | 0.00 |
| Philosophy | 0 | 2 | 0 | 0 | 20 | 57 | 81.00 | 0 | 1 | 0.00 | 0.00 |
| Science - Chemistry | 0 | 2 | 1 | 0 | 15 | 69 | 86.50 | 1 | 2 | 0.00 | 0.00 |
| Social Science | 0 | 1 | 0 | 0 | 10 | 71 | 71.00 | 0 | 1 | 0.00 | 0.00 |
| Literature - World | 0 | 1 | 0 | 0 | 10 | 110 | 110.00 | 0 | 1 | 0.00 | 0.00 |
| Current Events | 0 | 1 | 0 | 0 | 10 | 93 | 93.00 | 0 | 1 | 0.00 | 0.00 |
| Literature - American | 0 | 0 | 0 | 0 | 0 | 0.00 | 0 | 0 | 0.00 | 0.00 | |
| Science - Other | 0 | 0 | 1 | 0 | -5 | 0.00 | 0 | 0 | 0.00 | 0.00 | |
| Science - Physics | 0 | 0 | 1 | 0 | -5 | 0.00 | 0 | 0 | 0.00 | 0.00 |